000 00281nam a2200109Ia 4500
008 190216s9999||||xx |||||||||||||| ||und||
100 _aTripathi & Gupta Cb
245 0 _aIndustrial Relations And Labour Laws
260 _bSulthan Chand&Sons
_c2001
300 _a738p
942 _cBK
999 _c6106
_d6106